Loading...
Social Science | 0 | 5 | 1 | 2 | 45 | 79 | 106.40 | 0 | 5 |
Science - Chemistry | 1 | 1 | 0 | 1 | 25 | 59 | 97.00 | 1 | 2 |
History - World History | 1 | 1 | 0 | 0 | 25 | 19 | 64.00 | 1 | 2 |
Fine Arts - Auditory Fine Arts | 0 | 3 | 1 | 0 | 25 | 129 | 133.00 | 0 | 3 |
Science - Physics | 0 | 3 | 1 | 0 | 25 | 75 | 103.33 | 0 | 3 |
Beliefs | 0 | 2 | 0 | 0 | 20 | 103 | 105.50 | 0 | 2 |
Geography | 0 | 2 | 0 | 1 | 20 | 74 | 99.00 | 0 | 2 |
Other Academic | 0 | 2 | 0 | 0 | 20 | 100 | 100.50 | 0 | 2 |
Other Arts: Visual | 0 | 2 | 0 | 1 | 20 | 114 | 129.00 | 1 | 2 |
Other Science: Computer Science | 0 | 2 | 0 | 1 | 20 | 115 | 131.50 | 0 | 2 |
Science - Biology | 0 | 2 | 0 | 0 | 20 | 121 | 128.50 | 0 | 2 |
Other Science: Math | 1 | 0 | 0 | 0 | 15 | 58 | 58.00 | 1 | 1 |
Fine Arts - Visual Fine Arts | 0 | 1 | 0 | 1 | 10 | 139 | 139.00 | 0 | 1 |
Other Science: Earth Science | 0 | 1 | 0 | 1 | 10 | 151 | 151.00 | 1 | 1 |
Other Arts: Auditory | 0 | 1 | 0 | 0 | 10 | 138 | 138.00 | 0 | 1 |
Philosophy | 0 | 1 | 0 | 0 | 10 | 153 | 153.00 | 0 | 1 |
British and Commonwealth History | 0 | 1 | 0 | 1 | 10 | 121 | 121.00 | 1 | 1 |
History - American History | 1 | 0 | 1 | 0 | 10 | 67 | 67.00 | 0 | 1 |
Literature - European Literature | 0 | 1 | 1 | 1 | 5 | 145 | 145.00 | 0 | 1 |
Other Science: Astronomy | 0 | 0 | 1 | 0 | -5 | 0.00 | 0 | 0 | |
Literature - British Literature | 0 | 0 | 1 | 0 | -5 | 0.00 | 0 | 0 |